| 000 | 00693cam a2200205 i 4500 | ||
|---|---|---|---|
| 999 |
_c12195 _d12195 |
||
| 003 | OSt | ||
| 005 | 20231223134228.0 | ||
| 008 | 160328s2017 gw a 000 0 eng | ||
| 020 | _a9783791382784 | ||
| 043 | _ae-uk-en | ||
| 082 | 0 | 0 |
_a720.9421/0905 _223 |
| 100 | 1 |
_aSanvito, Agnese, _ephotographer. |
|
| 245 | 1 | 0 |
_aNew architecture London / _cAgnese Sanvito, Richard Schulman. |
| 300 |
_a174 pages : _bchiefly color illustrations ; _c29 cm |
||
| 650 | 0 |
_aArchitecture _zEngland _zLondon _xHistory _y21st century. |
|
| 651 | 0 |
_aLondon (England) _xBuildings, structures, etc. |
|
| 700 | 1 |
_aSchulman, Richard, _ephotographer. |
|
| 700 | 1 |
_aHeathcote, Edwin, _ewriter of introduction. |
|
| 942 | _2ddc | ||